A study of loan management, comparattive study of Everest Bank Limited and Nepal Bangladesh Bank Limited. (Record no. 75947)
[ view plain ]
| 000 -LEADER | |
|---|---|
| fixed length control field | 00642nam a22002057a 4500 |
| 008 - FIXED-LENGTH DATA ELEMENTS--GENERAL INFORMATION | |
| fixed length control field | 150712b xxu||||| |||| 00| 0 eng d |
| 082 ## - DEWEY DECIMAL CLASSIFICATION NUMBER | |
| Classification number | CD10896 |
| 100 ## - MAIN ENTRY--PERSONAL NAME | |
| Personal name | Ghising, Tilak |
| 245 ## - TITLE STATEMENT | |
| Title | A study of loan management, comparattive study of Everest Bank Limited and Nepal Bangladesh Bank Limited. |
| 260 ## - PUBLICATION, DISTRIBUTION, ETC. (IMPRINT) | |
| Place of publication, distribution, etc | Birgung |
| Name of publisher, distributor, etc | Hari Khetan M.C. |
| Date of publication, distribution, etc | 2010 |
| 502 ## - DISSERTATION NOTE | |
| Dissertation note | Dissertation |
| Degree type | Degree in Management |
| Name of granting institution | Hari Khatan M.C. |
| Year degree granted | 2010 |
| 546 ## - LANGUAGE NOTE | |
| Language note | Eng |
| 650 ## - SUBJECT ADDED ENTRY--TOPICAL TERM | |
| Topical term or geographic name as entry element | Management |
| 650 ## - SUBJECT ADDED ENTRY--TOPICAL TERM | |
| Topical term or geographic name as entry element | Comparative study |
| 650 ## - SUBJECT ADDED ENTRY--TOPICAL TERM | |
| Topical term or geographic name as entry element | Banks |
| 650 ## - SUBJECT ADDED ENTRY--TOPICAL TERM | |
| Topical term or geographic name as entry element | Loans |
| 653 ## - INDEX TERM--UNCONTROLLED | |
| Uncontrolled term | Everest Bank Limited |
| 653 ## - INDEX TERM--UNCONTROLLED | |
| Uncontrolled term | Nepal Bangladesh Bank Limited. |
| 942 ## - ADDED ENTRY ELEMENTS (KOHA) | |
| Source of classification or shelving scheme | Dewey Decimal Classification |
| Koha item type | Audio Visual Materials |
| Withdrawn status | Lost status | Source of classification or shelving scheme | Damaged status | Not for loan | Home library | Current library | Date acquired | Total Checkouts | Full call number | Barcode | Date last seen | Price effective from | Koha item type |
|---|---|---|---|---|---|---|---|---|---|---|---|---|---|
| Dewey Decimal Classification | Tribhuvan University Central Library | Tribhuvan University Central Library | 07/12/2015 | CD10896 | A10844 | 07/12/2015 | 07/12/2015 | Audio Visual Materials |
